000 00651nam a2200241Ia 4500
003 OSt
005 20221007075325.0
006 a|||||r|||| 00| 0
007 ta
008 221006b |||||||| |||| 00| 0 eng d
024 _a16,951
037 _cTextual
040 _aFLL
_cFLL
_beng
041 _2eng
_aeng
082 _aY131:7:7v21:N5, L3.1
100 _aSaraswathi S. Au.
_9685970
245 0 _aMadras panchayat system
260 _aNew Delhi
_bImpex India India
_c1973
300 _axvii,327p
_ccm.
490 _vVol.1
942 _hY131:7:7v21:N5, L3.1
_cTEXL
_2CC
999 _c1155625
_d1155625